| 000 | 00532nam a2200217Ia 4500 | ||
|---|---|---|---|
| 001 | 807 | ||
| 003 | GE_BSU | ||
| 008 | 181216s||||||||xx |||||||||||||| ||und|| | ||
| 040 | _cGE_BSU | ||
| 080 | _a811.161.1(072) | ||
| 100 | _aБарлас,Л.Г. | ||
| 245 | _aРусский язык. Стилистика. | ||
| 260 | _aМосква | ||
| 260 | _b,,Просвещение | ||
| 260 | _c1978 | ||
| 300 | _a254стр. | ||
| 541 | _h7 л. | ||
| 653 | _aРусский язык | ||
| 653 | _aСтилистика | ||
| 942 | _cBK | ||
| 999 |
_c34972 _d34972 |
||